Οδηγός μεταπτυχιακών σπουδών 1997-1998 και όχι μόνον...

Αποθηκεύτηκε σε:
Λεπτομέρειες βιβλιογραφικής εγγραφής
Μορφή: Βιβλίο
Γλώσσα:Greek
Δημοσίευση: Αθήνα : Π. Ασημάκης, 1997
Θέματα:
Ετικέτες: Προσθήκη ετικέτας
Δεν υπάρχουν, Καταχωρήστε ετικέτα πρώτοι!

MARC

LEADER 00000nam a2200000 i 4500
001 1/6737
008 000616s1997 gr gre d
020 |a 960-7582-06-3 
035 |l 10062038 
040 |a GR-MY-UA  |b gre  |e aacr 
041 0 |a gre 
082 0 |a Π 378.0025 
245 1 0 |a Οδηγός μεταπτυχιακών σπουδών 1997-1998 και όχι μόνον... 
260 |a Αθήνα :   |b Π. Ασημάκης,   |c 1997 
300 |a 122 σ. 
650 0 0 |a Universities and colleges  |x Graduate Work  |x Directories. 
852 |a INST  |b RHODES  |e 20000616  |h 378.0025 ΟΔΗ  |p 005400017636  |q 005400017636  |t REF  |y 23 
901 |a BIBL4-2000-2 
909 |a Ρ  |b 053778 
922 |a 4ΕΛΗ  |b 199802  |c ΚΠΣ/Ν  |d EMVASIS 
970 |a ΚΟΥΛΑΚΙΟΤΗ  |b ΛΙΤΣΑ  |z 2000/06/16